[Event "SC Hansa Dortmund 2 - SG Niederkassel 1"]
[Site "NRW-Klasse, Gruppe 2 2015/201"]
[Date "2016.04.03"]
[Round "8.8"]
[White "Linker, Walter"]
[Black "Freundlieb, Thomas"]
[Result "1-0"]
[WhiteElo "2008"]
[BlackElo "1957"]
[PlyCount "57"]
[EventDate "2016.??.??"]
[WhiteTeam "SC Hansa Dortmund 2"]
[BlackTeam "SG Niederkassel 1"]

1. f4 d6 2. Nf3 Bg4 3. e3 g6 4. Be2 Bg7 5. O-O e6 6. c4 c6 7. Nc3 Ne7 8. d4
Bxf3 9. Bxf3 d5 10. b3 O-O 11. Ba3 Re8 12. Bxe7 Rxe7 13. Qe1 Na6 14. Kh1 Rd7
15. Rc1 Bf8 16. g4 Bb4 17. Qg3 Qa5 18. Ne2 Qxa2 19. f5 Bd6 20. Qh3 Qxb3 21. c5
Bf8 22. fxe6 fxe6 23. g5 Re7 24. Bg4 Rae8 25. Nf4 e5 26. Be6+ Rxe6 27. Nxe6 Bg7
28. Nxg7 Kxg7 29. Qd7+ 1-0

[Event "SG Bochum 2 - Ratinger SK 1"]
[Site "NRW-Klasse, Gruppe 2 2015/201"]
[Date "2016.04.03"]
[Round "8.1"]
[White "Preuschoff, Michael"]
[Black "Kotainy, Jens"]
[Result "0-1"]
[WhiteElo "2140"]
[BlackElo "2326"]
[Annotator "Hausrath,Daniel"]
[PlyCount "104"]
[EventDate "2016.??.??"]
[WhiteTeam "Ratinger SK 1"]
[BlackTeam "SG Bochum 2"]

1. Nf3 d6 2. d4 c6 3. c4 Bg4 4. Qb3 Qc7 5. h3 Bh5 6. g4 Bg6 7. Nc3 Nd7 8. Nh4
e5 9. Nxg6 hxg6 10. e3 Ngf6 11. Qd1 Be7 12. Bg2 Qb6 13. O-O O-O 14. dxe5 Nxe5
15. b3 Rad8 16. f4 Ned7 17. Kh2 Nc5 18. e4 Qa5 19. Qc2 Ne6 20. Be3 g5 $11 21.
fxg5 Nh7 22. h4 Qe5+ 23. Kh1 Qg3 24. Qf2 Qxg4 25. Bf3 Qh3+ 26. Qh2 Qxh2+ 27.
Kxh2 a6 28. Bb6 Rde8 29. Rad1 g6 30. Bg4 Ng7 31. c5 dxc5 32. Rd7 f6 33. Rxb7
Bd6+ 34. Kg2 fxg5 35. Rd1 Be5 36. Na4 gxh4 37. Nxc5 Bg3 38. Bd7 Rf2+ 39. Kg1
Ng5 40. Bg4 Rf4 41. Nd7 Nxe4 42. Be2 Kh7 43. Rf1 h3 44. Rxf4 Bxf4 45. Bd4 Kh6
46. Bxg7+ Kxg7 47. Bf3 h2+ 48. Kg2 $11 Nd6 49. Rb4 g5 50. Bxc6 Re1 51. Kf2 Ne4+
52. Rxe4 h1=Q 0-1

[Event "SG Bochum 2 - Ratinger SK 1"]
[Site "NRW-Klasse, Gruppe 2 2015/201"]
[Date "2016.04.03"]
[Round "8.3"]
[White "Dinescu, Adrian"]
[Black "Schlawin, Marlon"]
[Result "0-1"]
[WhiteElo "2136"]
[BlackElo "2252"]
[PlyCount "74"]
[EventDate "2016.??.??"]
[WhiteTeam "Ratinger SK 1"]
[BlackTeam "SG Bochum 2"]

1. e4 e6 2. d4 d5 3. e5 c5 4. c3 Nc6 5. Nf3 Bd7 6. Bd3 Rc8 7. a3 cxd4 8. cxd4
Qb6 9. O-O Nxd4 10. Nxd4 Qxd4 11. Qe2 Ne7 12. Nc3 Ng6 13. Be3 Qxe5 14. f4 Qxe3+
15. Qxe3 Bc5 16. Nxd5 O-O 17. Qxc5 Rxc5 18. Nc3 Bc6 19. Bxg6 hxg6 20. Rad1 g5
21. g3 a5 22. Kf2 gxf4 23. gxf4 Rh5 24. Kg3 g6 25. h4 Kg7 26. Rf2 Rfh8 27. Rh2
e5 28. fxe5 Rxe5 29. Rd4 Re3+ 30. Kf2 Rhe8 31. Rf4 Rd3 32. Kf1 Re5 33. Rhf2 Re7
34. Rh2 Kh6 35. Rhf2 Rh3 36. Ne2 Rh1+ 37. Ng1 Rd7 0-1

[Event "SG Bochum 2 - Ratinger SK 1"]
[Site "NRW-Klasse, Gruppe 2 2015/201"]
[Date "2016.04.03"]
[Round "8.4"]
[White "Tkachuk, Konstantyn"]
[Black "Springer, Ralf"]
[Result "1-0"]
[WhiteElo "2248"]
[BlackElo "2097"]
[PlyCount "71"]
[EventDate "2016.??.??"]
[WhiteTeam "SG Bochum 2"]
[BlackTeam "Ratinger SK 1"]

1. e4 d5 2. exd5 Qxd5 3. Nc3 Qd8 4. Nf3 Nf6 5. Bc4 a6 6. Ne5 e6 7. O-O Qd4 8.
Qe2 Bd6 9. Nf3 Qg4 10. d4 O-O 11. Bg5 Nbd7 12. Rad1 b5 13. h3 Qh5 14. Bd3 Bb7
15. Ne4 Nxe4 16. Bxe4 Bxe4 17. Qxe4 Nf6 18. Bxf6 gxf6 19. d5 Rae8 20. Rfe1 exd5
21. Qxe8 Rxe8 22. Rxe8+ Kg7 23. Rd4 f5 24. Rxd5 Qh6 25. Re1 Qf6 26. Nd4 Kg6 27.
c3 b4 28. Rxf5 Qh4 29. Rf3 bxc3 30. bxc3 Qg5 31. g3 Qd2 32. Re8 h5 33. a4 Qd1+
34. Kg2 Qxa4 35. Rg8+ Kh7 36. Rg5 1-0

[Event "SG Bochum 2 - Ratinger SK 1"]
[Site "NRW-Klasse, Gruppe 2 2015/201"]
[Date "2016.04.03"]
[Round "8.5"]
[White "Busch, Christian"]
[Black "Werthebach, Felix"]
[Result "1-0"]
[WhiteElo "2122"]
[BlackElo "2140"]
[PlyCount "111"]
[EventDate "2016.??.??"]
[WhiteTeam "Ratinger SK 1"]
[BlackTeam "SG Bochum 2"]

1. d4 f5 2. g3 Nf6 3. Bg2 d6 4. Nf3 g6 5. O-O Bg7 6. c4 O-O 7. Nc3 Qe8 8. d5 a5
9. Ne1 Na6 10. Nd3 Bd7 11. Rb1 c6 12. b3 Nc7 13. Bb2 cxd5 14. Nxd5 Ncxd5 15.
cxd5 Qf7 16. Nf4 Ne4 17. Bxg7 Qxg7 18. Rc1 Nc5 19. Qd2 b5 20. e3 b4 21. Qd4
Rac8 22. Rc2 g5 23. Ne2 Bb5 24. Rfc1 Qg6 25. Qd1 Bd3 26. Rd2 Bxe2 27. Rxe2 Qf6
28. Rc4 Rb8 29. Qd4 Kg7 30. Rec2 Rb6 31. h3 Rfb8 32. f4 h6 33. fxg5 hxg5 34.
Rf2 Rf8 35. Rxf5 Qxd4 36. Rxg5+ Kh6 37. exd4 Kxg5 38. dxc5 Rb5 39. h4+ Kh6 40.
c6 Rc5 41. Rxc5 dxc5 42. Bf1 Rc8 43. Ba6 Rc7 44. Bb5 Kg6 45. Kf2 Kf5 46. Ke3
Ke5 47. Bc4 Ra7 48. g4 Kd6 49. h5 a4 50. bxa4 Rxa4 51. Kf4 Ra3 52. h6 Rh3 53.
Kg5 e5 54. dxe6 Kxc6 55. Kg6 Rh4 56. e7 1-0

[Event "SG Bochum 2 - Ratinger SK 1"]
[Site "NRW-Klasse, Gruppe 2 2015/201"]
[Date "2016.04.03"]
[Round "8.6"]
[White "Tkachuk, Sergij"]
[Black "Liedtke, Dirk"]
[Result "1/2-1/2"]
[WhiteElo "2107"]
[BlackElo "2109"]
[Annotator "Hausrath,Daniel"]
[PlyCount "49"]
[EventDate "2016.??.??"]
[WhiteTeam "SG Bochum 2"]
[BlackTeam "Ratinger SK 1"]

1. e4 e6 2. d4 d5 3. exd5 exd5 4. Nf3 Bd6 5. c4 c6 6. Nc3 Ne7 7. c5 Bc7 8. Bg5
b6 9. b4 f6 10. Bh4 a5 11. a3 Bg4 12. Bd3 axb4 13. axb4 Rxa1 14. Qxa1 bxc5 15.
bxc5 Nf5 16. Bxf5 Bxf5 17. O-O O-O 18. Bg3 Re8 19. Re1 Bxg3 20. hxg3 Rxe1+ $11
21. Nxe1 Qe7 22. Kf1 Qb7 23. Qa5 Qa6+ 24. Qxa6 Nxa6 25. Ke2 1/2-1/2

[Event "SG Bochum 2 - Ratinger SK 1"]
[Site "NRW-Klasse, Gruppe 2 2015/201"]
[Date "2016.04.03"]
[Round "8.7"]
[White "Graeber, Ralf"]
[Black "Pilat, Daniel"]
[Result "1-0"]
[WhiteElo "2112"]
[BlackElo "2137"]
[Annotator "Hausrath,Daniel"]
[PlyCount "87"]
[EventDate "2016.??.??"]
[WhiteTeam "Ratinger SK 1"]
[BlackTeam "SG Bochum 2"]

1. Nf3 d5 2. g3 Nf6 3. Bg2 Bg4 4. O-O Nbd7 5. c4 c6 6. cxd5 cxd5 7. d4 e6 8.
Nc3 Bd6 9. Nb5 Bb8 10. Bf4 Bxf4 11. gxf4 Qb6 12. Qb3 a6 13. Nc3 O-O $11 14.
Qxb6 Nxb6 15. Ne5 Bf5 16. Rfc1 Rac8 17. e3 Rc7 18. Ne2 Rfc8 19. Rxc7 Rxc7 20.
Rc1 Rxc1+ 21. Nxc1 Ne8 22. b3 Nd6 23. Ned3 Nd7 24. Nc5 Nxc5 25. dxc5 Ne4 26.
Bxe4 Bxe4 27. h4 Bc2 28. Ne2 Kf8 29. Kf1 Ke7 30. Ke1 f6 31. Kd2 Bg6 32. Nd4 e5
33. c6 b5 34. fxe5 fxe5 35. c7 Kd7 36. Nc6 Kxc7 37. Nxe5 Bb1 38. a3 Kd6 39. Nf3
g6 40. Ng5 h5 41. Kc3 Ke5 42. f4+ Kd6 43. Kd4 Ba2 44. Nf7+ 1-0

[Event "SG Bochum 2 - Ratinger SK 1"]
[Site "NRW-Klasse, Gruppe 2 2015/201"]
[Date "2016.04.03"]
[Round "8.8"]
[White "Fistoul, Michail"]
[Black "Gatterer, Matthias"]
[Result "0-1"]
[WhiteElo "1992"]
[BlackElo "2049"]
[Annotator "Hausrath,Daniel"]
[PlyCount "128"]
[EventDate "2016.??.??"]
[WhiteTeam "SG Bochum 2"]
[BlackTeam "Ratinger SK 1"]

1. d4 d5 2. c4 e6 3. Nc3 Nf6 4. Bg5 Nbd7 5. cxd5 exd5 6. e3 Be7 7. Bd3 c6 8.
Qc2 O-O 9. Nge2 Re8 10. f3 Nf8 11. O-O Be6 12. Rad1 Rc8 13. Kh1 a6 14. Ng3 h6
15. Bf4 c5 16. Bf5 b5 17. Qd2 Qb6 18. Be5 N8d7 19. e4 dxe4 20. fxe4 Nxe5 21.
dxe5 Nh7 22. Nd5 Qc6 $11 23. Nxe7+ Rxe7 24. Qd6 Ree8 25. Qxc6 Rxc6 26. Rd6 Rec8
27. Rfd1 Nf8 28. Rxc6 Rxc6 29. Rd6 Rxd6 30. exd6 Nd7 31. Kg1 g6 32. Bxe6 fxe6
33. h4 h5 34. Ne2 e5 35. Nc3 Kf7 36. b4 Ke6 37. Kf2 cxb4 38. Nd5 Kxd6 39. Nxb4
a5 40. Nd5 Kc5 41. Ke3 b4 42. Kd3 a4 43. Kc2 b3+ 44. axb3 axb3+ 45. Kxb3 Kd4
46. Ne7 Nf8 47. Kc2 Kxe4 48. Kd2 Kf4 49. Nc6 e4 50. Nd4 Nd7 51. Ne2+ Kg4 52.
Ke3 Nf6 53. g3 Kf5 54. Nd4+ Ke5 55. Nc6+ Kd6 56. Nd4 Kd5 57. Ne2 Ke5 58. Kf2
Nd5 59. Kg2 Kf5 60. Nd4+ Kg4 61. Ne2 Ne3+ 62. Kf2 Nf5 63. Nf4 Nxg3 64. Nxg6 Nf5
0-1

[Event "SF Neuenkirchen 1 - SV Sundern 1"]
[Site "NRW-Klasse, Gruppe 2 2015/201"]
[Date "2016.04.03"]
[Round "8.1"]
[White "Voiteanu, Christian Gabriel"]
[Black "Griebl, Joern"]
[Result "1-0"]
[WhiteElo "2250"]
[BlackElo "2213"]
[PlyCount "53"]
[EventDate "2016.??.??"]
[WhiteTeam "SV Sundern 1"]
[BlackTeam "SF Neuenkirchen 1"]

1. d4 Nf6 2. c4 e6 3. Nf3 b6 4. a3 d5 5. cxd5 exd5 6. Nc3 Be7 7. g3 O-O 8. Bg2
Re8 9. O-O Be6 10. Bf4 c6 11. Qa4 b5 12. Qc2 Nbd7 13. Ng5 Rc8 14. e4 dxe4 15.
Nxe6 fxe6 16. Nxe4 Nxe4 17. Qxe4 Bf6 18. Rac1 c5 19. Bh3 Bxd4 20. Bxe6+ Kh8 21.
Qf5 Rf8 22. Qh3 Rxf4 23. gxf4 Rc7 24. b4 c4 25. Rfd1 Nf8 26. Qf5 Rc6 27. Rxd4
1-0

[Event "SF Neuenkirchen 1 - SV Sundern 1"]
[Site "NRW-Klasse, Gruppe 2 2015/201"]
[Date "2016.04.03"]
[Round "8.2"]
[White "Wilde, Pierre"]
[Black "Stolte, Alexander"]
[Result "1/2-1/2"]
[WhiteElo "2235"]
[BlackElo "2168"]
[PlyCount "56"]
[EventDate "2016.??.??"]
[WhiteTeam "SF Neuenkirchen 1"]
[BlackTeam "SV Sundern 1"]

1. c4 e6 2. g3 d5 3. Bg2 Nf6 4. Nf3 Be7 5. O-O O-O 6. d4 dxc4 7. Qc2 a6 8. Qxc4
b5 9. Qc2 Bb7 10. Bf4 Bd6 11. Nbd2 Nbd7 12. Nb3 Be4 13. Qd2 Nd5 14. Rfc1 Nxf4
15. gxf4 Qf6 16. Ne5 Bxg2 17. Kxg2 Nb6 18. Kh1 Qh6 19. e3 f6 20. Nd3 Nc4 21.
Qe2 e5 22. fxe5 fxe5 23. dxe5 Nxe5 24. Nxe5 Bxe5 25. f4 Bd6 26. Rc6 Rae8 27.
Qf3 Qe6 28. Rc3 Bb4 1/2-1/2

[Event "SF Neuenkirchen 1 - SV Sundern 1"]
[Site "NRW-Klasse, Gruppe 2 2015/201"]
[Date "2016.04.03"]
[Round "8.3"]
[White "Plass, Heinz"]
[Black "Beckmann, Klaus"]
[Result "1/2-1/2"]
[WhiteElo "2043"]
[BlackElo "2209"]
[PlyCount "74"]
[EventDate "2016.??.??"]
[WhiteTeam "SV Sundern 1"]
[BlackTeam "SF Neuenkirchen 1"]

1. d4 e6 2. Nf3 b6 3. e3 Bb7 4. Bd3 Nf6 5. O-O d5 6. b3 Nbd7 7. Bb2 g6 8. Nbd2
Bg7 9. Ne5 Nxe5 10. dxe5 Nd7 11. f4 O-O 12. Qg4 Nc5 13. Nf3 a5 14. Qh3 Qe7 15.
Ng5 h6 16. Nf3 Ba6 17. Ba3 Qd7 18. Bxa6 Rxa6 19. Rfd1 Rd8 20. Bxc5 bxc5 21. c4
a4 22. Rac1 axb3 23. axb3 Qc6 24. b4 Raa8 25. cxd5 Rxd5 26. Nd4 Qb6 27. bxc5
Rxc5 28. Qf3 Rd8 29. Rb1 Qa6 30. Ra1 Qc4 31. Qf1 Qxf1+ 32. Kxf1 Rc3 33. Ke2 Bf8
34. Rdc1 Rxc1 35. Rxc1 c5 36. Nb5 Be7 37. Nd6 Bxd6 1/2-1/2

[Event "SF Neuenkirchen 1 - SV Sundern 1"]
[Site "NRW-Klasse, Gruppe 2 2015/201"]
[Date "2016.04.03"]
[Round "8.4"]
[White "Rieke, Theo"]
[Black "Plass, Mariana-Camelia"]
[Result "1/2-1/2"]
[WhiteElo "1970"]
[BlackElo "1986"]
[PlyCount "29"]
[EventDate "2016.??.??"]
[WhiteTeam "SF Neuenkirchen 1"]
[BlackTeam "SV Sundern 1"]

1. Nf3 Nf6 2. c4 b6 3. g3 Bb7 4. Bg2 e6 5. O-O c5 6. Nc3 Be7 7. d4 cxd4 8. Qxd4
O-O 9. Bg5 Nc6 10. Qd2 Na5 11. b3 Ne4 12. Nxe4 Bxe4 13. Bxe7 Qxe7 14. Qe3 d5
15. cxd5 1/2-1/2

[Event "SF Neuenkirchen 1 - SV Sundern 1"]
[Site "NRW-Klasse, Gruppe 2 2015/201"]
[Date "2016.04.03"]
[Round "8.5"]
[White "Tillmann, Markus"]
[Black "Buendgen, Achim"]
[Result "0-1"]
[WhiteElo "2098"]
[BlackElo "2137"]
[PlyCount "86"]
[EventDate "2016.??.??"]
[WhiteTeam "SV Sundern 1"]
[BlackTeam "SF Neuenkirchen 1"]

1. d4 Nf6 2. Nf3 c5 3. d5 e6 4. c4 exd5 5. cxd5 d6 6. Nc3 g6 7. Bf4 a6 8. a4
Bg7 9. h3 Nh5 10. Bg5 Qb6 11. Qc2 f5 12. a5 Qc7 13. Bc1 Nf6 14. Nd2 Nbd7 15.
Nc4 b5 16. axb6 Nxb6 17. Nxb6 Qxb6 18. g3 O-O 19. Bg2 Rb8 20. O-O Re8 21. Ra3
Bd7 22. Re1 Re7 23. e3 a5 24. Kh2 Qb4 25. Qd1 Ne4 26. Nxe4 fxe4 27. Bd2 Qxb2
28. Rxa5 Rf7 29. Bc1 Qe5 30. Ra7 h5 31. Qc2 Rbf8 32. Re2 Bb5 33. Rxf7 Rxf7 34.
Rd2 Bd3 35. Qd1 c4 36. Ra2 h4 37. Qg4 hxg3+ 38. fxg3 Qf5 39. Ra8+ Rf8 40. Qxf5
gxf5 41. Ra6 Be5 42. h4 c3 43. Bh3 Bxa6 0-1

[Event "SF Neuenkirchen 1 - SV Sundern 1"]
[Site "NRW-Klasse, Gruppe 2 2015/201"]
[Date "2016.04.03"]
[Round "8.6"]
[White "Haves, Reinhard"]
[Black "Schulte, Josef"]
[Result "1-0"]
[WhiteElo "2113"]
[BlackElo "1888"]
[PlyCount "55"]
[EventDate "2016.??.??"]
[WhiteTeam "SF Neuenkirchen 1"]
[BlackTeam "SV Sundern 1"]

1. d4 Nf6 2. Nf3 g6 3. g3 Bg7 4. Bg2 O-O 5. c4 d6 6. Nc3 c5 7. O-O Nc6 8. dxc5
dxc5 9. Qxd8 Rxd8 10. Bf4 Be6 11. Ne5 Na5 12. Nd3 Rac8 13. b3 Ng4 14. Rac1 b6
15. h3 Nf6 16. Nb5 Rd7 17. Ne5 Rdd8 18. Nxa7 Nh5 19. Nxc8 Nxf4 20. gxf4 Rxc8
21. Rcd1 g5 22. Nd3 h6 23. fxg5 hxg5 24. f4 Bd4+ 25. Kh1 Kg7 26. fxg5 Be3 27.
Nf4 Bf5 28. Nd5 1-0

[Event "SF Neuenkirchen 1 - SV Sundern 1"]
[Site "NRW-Klasse, Gruppe 2 2015/201"]
[Date "2016.04.03"]
[Round "8.7"]
[White "Kevekordes, Peter"]
[Black "Hachmeister, Dirk"]
[Result "0-1"]
[WhiteElo "1869"]
[BlackElo "2154"]
[PlyCount "64"]
[EventDate "2016.??.??"]
[WhiteTeam "SV Sundern 1"]
[BlackTeam "SF Neuenkirchen 1"]

1. e4 g6 2. d4 Bg7 3. Nc3 c6 4. Nf3 Nf6 5. h3 O-O 6. Be3 b5 7. a3 d6 8. Qd2 Bb7
9. Bd3 Nbd7 10. Bh6 e5 11. Bxg7 Kxg7 12. dxe5 dxe5 13. Qe3 Qe7 14. O-O Nh5 15.
Ne2 h6 16. c4 bxc4 17. Bxc4 Nb6 18. Qc3 Rfe8 19. Bb3 c5 20. Bc2 Ba6 21. Rfe1
Qf6 22. Rad1 Re7 23. Rd2 Rc8 24. Ng3 Nf4 25. Red1 Rc6 26. Kh2 h5 27. Rd8 h4 28.
Nf1 Ne2 29. Qe3 Nd4 30. Nxd4 cxd4 31. Qd2 Rec7 32. Rh8 Kxh8 0-1

[Event "SF Neuenkirchen 1 - SV Sundern 1"]
[Site "NRW-Klasse, Gruppe 2 2015/201"]
[Date "2016.04.03"]
[Round "8.8"]
[White "Beckmann, Klaus"]
[Black "Schober, Ralf"]
[Result "1/2-1/2"]
[WhiteElo "2074"]
[BlackElo "1964"]
[PlyCount "23"]
[EventDate "2016.??.??"]
[WhiteTeam "SF Neuenkirchen 1"]
[BlackTeam "SV Sundern 1"]

1. e4 d6 2. d4 Nf6 3. Nc3 e5 4. Nf3 Nbd7 5. Bc4 exd4 6. Nxd4 Nb6 7. Be2 Be7 8.
O-O O-O 9. a4 Re8 10. Re1 h6 11. Bf1 Bf8 12. a5 1/2-1/2

[Event "Herforder SV Königsspringer 1 - SG Enne"]
[Site "NRW-Klasse, Gruppe 2 2015/201"]
[Date "2016.04.03"]
[Round "8.1"]
[White "Lupor, Stefan"]
[Black "Nordsieck, Thomas"]
[Result "0-1"]
[WhiteElo "2234"]
[BlackElo "2291"]
[Annotator "Hausrath,Daniel"]
[PlyCount "128"]
[EventDate "2016.??.??"]
[WhiteTeam "SG Ennepe-Ruhr-Süd 1"]
[BlackTeam "Herforder SV Königsspringer 1"]

1. e4 c5 2. Nf3 g6 3. d4 Bg7 4. dxc5 Qa5+ 5. c3 Qxc5 6. Na3 b6 7. Bc4 Bb7 8.
O-O Nf6 9. e5 Ne4 10. Be3 Qc8 11. Bd5 O-O 12. Re1 Nc5 13. Bg5 Nc6 14. Qd2 e6
15. Bc4 Na5 16. Be2 Ne4 17. Qe3 d6 18. exd6 Nxd6 19. Qd3 Ne4 20. Be3 Nc5 21.
Qb5 Bc6 22. Qb4 Nab7 23. Qh4 $11 Nd6 24. Nd4 Bb7 25. Nab5 Nxb5 26. Bxb5 e5 27.
Nf3 Qf5 28. Be2 Rfd8 29. Rad1 Bf6 30. Bg5 Rxd1 31. Bxd1 Bg7 32. Bh6 Nd3 33. Bc2
e4 34. Bxd3 exd3 35. Bxg7 Kxg7 36. Qd4+ Kg8 37. Ne5 Qg5 38. f3 d2 39. Re2 Rd8
40. Nd7 d1=Q+ 41. Qxd1 Bxf3 42. Qd2 Qf5 43. Re7 Qc5+ 44. Nxc5 Rxd2 45. gxf3
bxc5 46. Rb7 Kg7 47. a4 Rd1+ $11 48. Kf2 Ra1 49. Rxa7 Ra2 50. Ke3 Rxb2 51. Kd3
Rxh2 52. Kc4 h5 53. Kxc5 h4 54. Rd7 Ra2 55. Kb5 h3 56. c4 h2 57. Rd1 g5 58. c5
f5 59. c6 Rb2+ 60. Ka6 Rc2 61. Kb7 g4 62. a5 g3 63. a6 g2 64. a7 Rb2+ 0-1

[Event "Herforder SV Königsspringer 1 - SG Enne"]
[Site "NRW-Klasse, Gruppe 2 2015/201"]
[Date "2016.04.03"]
[Round "8.2"]
[White "Kirnos, Evgeni"]
[Black "Lupor, André"]
[Result "1/2-1/2"]
[WhiteElo "2172"]
[BlackElo "2160"]
[PlyCount "65"]
[EventDate "2016.??.??"]
[WhiteTeam "Herforder SV Königsspringer 1"]
[BlackTeam "SG Ennepe-Ruhr-Süd 1"]

1. e4 c5 2. Nf3 d6 3. d4 cxd4 4. Nxd4 Nf6 5. Nc3 a6 6. Bg5 e6 7. Qd2 h6 8. Bxf6
Qxf6 9. O-O-O Qd8 10. Kb1 Bd7 11. f4 Nc6 12. Bc4 Qb6 13. Nf3 O-O-O 14. Rhe1 Be7
15. Re3 Na5 16. Bb3 Nxb3 17. axb3 Kb8 18. Na4 Qa7 19. Rd3 Bxa4 20. bxa4 Rc8 21.
Rc3 Rhg8 22. Nd4 Rxc3 23. Qxc3 Qb6 24. Nb3 Bf6 25. Qd2 Rd8 26. g3 h5 27. Qe2 g6
28. a5 Qc7 29. Qd3 Qc6 30. Nd4 Qc5 31. Nb3 Qc6 32. Nd4 Qc5 33. Nb3 1/2-1/2

[Event "Herforder SV Königsspringer 1 - SG Enne"]
[Site "NRW-Klasse, Gruppe 2 2015/201"]
[Date "2016.04.03"]
[Round "8.3"]
[White "Tripolsky, Eugen"]
[Black "Kassebaum, Roman"]
[Result "1/2-1/2"]
[WhiteElo "2207"]
[BlackElo "2253"]
[Annotator "Hausrath,Daniel"]
[PlyCount "198"]
[EventDate "2016.??.??"]
[WhiteTeam "SG Ennepe-Ruhr-Süd 1"]
[BlackTeam "Herforder SV Königsspringer 1"]

1. d4 Nf6 2. Nc3 d5 3. Bg5 Nbd7 4. Nf3 g6 5. Qd2 Ne4 6. Nxe4 dxe4 7. Ng1 h6 8.
Bh4 Bg7 9. e3 O-O 10. Bc4 c5 11. c3 Nb6 12. Bb3 cxd4 13. exd4 a5 14. a4 Bf5 15.
Ne2 Qd7 16. O-O Be6 17. Qc2 Rac8 18. Rfe1 Rfd8 19. Bxe6 Qxe6 20. Nf4 Qf5 21.
Bxe7 Rxd4 22. Ne2 Rdc4 23. Rad1 Qe5 24. Bd6 Qg5 25. Bf4 Qf5 26. Be3 Nd5 27. Ng3
Qe6 28. Qb3 f5 29. Qxb7 Nxe3 30. fxe3 R8c7 31. Qa8+ Kh7 32. Qxa5 Qc6 33. Ra1
Rc5 34. Qb4 Rb7 35. Qa3 Qb6 36. Rab1 Rd5 37. Qa2 Rd2 38. a5 Rxb2 39. Qxb2 Qxb2
40. Rxb2 Rxb2 41. Ra1 Bxc3 42. a6 Rb8 43. Ra4 Kg7 44. Ne2 Rb1+ 45. Nc1 Rxc1+
46. Kf2 Rc2+ 47. Kf1 Be5 48. a7 Rc8 49. a8=Q Rxa8 50. Rxa8 Bxh2 51. Ra6 Bg3 52.
Rc6 $11 h5 53. Ra6 Kh6 54. Rc6 Kg5 55. Ra6 h4 56. Rc6 Kh5 57. Rf6 Be5 58. Re6
Bb2 59. Rb6 Bc3 60. Rc6 Bb4 61. Rf6 Be7 62. Rf7 Bc5 63. Kf2 Kg4 64. Rf6 g5 65.
Rc6 Ba7 66. Rc4 f4 67. Rxe4 Bxe3+ 68. Kf1 h3 69. gxh3+ Kxh3 70. Re7 g4 71. Rh7+
Kg3 72. Rg7 Kf3 73. Rg8 Bd4 74. Rd8 Be3 75. Rg8 g3 76. Rg6 Bc5 77. Rg7 Bb6 78.
Rg6 Bd4 79. Rg8 Be5 80. Rg6 Ke4 81. Rg4 Kf5 82. Rg8 f3 83. Kg1 Bf4 84. Rf8+ Kg4
85. Rg8+ Bg5 86. Rg7 Kf5 87. Rg8 Bf4 88. Rf8+ Ke4 89. Rg8 Kd3 90. Rg4 Ke3 91.
Kf1 Be5 92. Rg6 f2 93. Rg8 Kf3 94. Rf8+ Bf4 95. Rg8 Bh6 96. Rg6 Bf4 97. Rg8 g2+
98. Rxg2 Bg3 99. Rxf2+ Bxf2 1/2-1/2

[Event "Herforder SV Königsspringer 1 - SG Enne"]
[Site "NRW-Klasse, Gruppe 2 2015/201"]
[Date "2016.04.03"]
[Round "8.4"]
[White "Pieper-Emden, Carsten"]
[Black "Arndt, Stefan"]
[Result "1/2-1/2"]
[WhiteElo "2170"]
[BlackElo "2130"]
[PlyCount "45"]
[EventDate "2016.??.??"]
[WhiteTeam "Herforder SV Königsspringer 1"]
[BlackTeam "SG Ennepe-Ruhr-Süd 1"]

1. d4 Nf6 2. c4 g6 3. Nc3 Bg7 4. e4 d6 5. Nf3 O-O 6. Be3 Ng4 7. Bg5 h6 8. Bh4
Na6 9. h3 Nf6 10. Bd3 c5 11. d5 Nh5 12. g4 Nf4 13. Bf1 Qa5 14. Qd2 g5 15. Bg3
e5 16. Ng1 Qd8 17. f3 Bf6 18. Nge2 Nc7 19. Bf2 b5 20. Ng3 bxc4 21. Bxc4 a6 22.
Nf5 Bxf5 23. gxf5 1/2-1/2

[Event "Herforder SV Königsspringer 1 - SG Enne"]
[Site "NRW-Klasse, Gruppe 2 2015/201"]
[Date "2016.04.03"]
[Round "8.5"]
[White "Moors, Hans"]
[Black "Quelle, Helmut"]
[Result "1-0"]
[WhiteElo "2041"]
[BlackElo "2098"]
[PlyCount "51"]
[EventDate "2016.??.??"]
[WhiteTeam "SG Ennepe-Ruhr-Süd 1"]
[BlackTeam "Herforder SV Königsspringer 1"]

1. d4 Nf6 2. c4 g6 3. Nc3 Bg7 4. Nf3 O-O 5. g3 c6 6. Bg2 d5 7. cxd5 cxd5 8. Ne5
Be6 9. O-O Qb6 10. Na4 Qd8 11. Nc5 Bc8 12. Qb3 b6 13. Ncd3 Bb7 14. Bg5 Nbd7 15.
Rac1 Nxe5 16. Nxe5 Ne4 17. Be3 e6 18. Rc2 Rc8 19. Rxc8 Qxc8 20. Qa4 Qa8 21. Rc1
Rc8 22. Rxc8+ Bxc8 23. Qe8+ Bf8 24. Bh6 Bb7 25. Qxf7+ Kh8 26. Bxf8 1-0

[Event "Herforder SV Königsspringer 1 - SG Enne"]
[Site "NRW-Klasse, Gruppe 2 2015/201"]
[Date "2016.04.03"]
[Round "8.6"]
[White "Bentel, Robin"]
[Black "Bruchmann, Norbert"]
[Result "1/2-1/2"]
[WhiteElo "1970"]
[BlackElo "2007"]
[Annotator "Hausrath,Daniel"]
[PlyCount "83"]
[EventDate "2016.??.??"]
[WhiteTeam "Herforder SV Königsspringer 1"]
[BlackTeam "SG Ennepe-Ruhr-Süd 1"]

1. e4 e6 2. Qe2 c5 3. Nf3 Nc6 4. g3 g6 5. Bg2 Bg7 6. O-O Nge7 7. d3 O-O 8. h4
h6 9. c3 b6 10. Re1 d6 11. Be3 Ba6 12. Qd2 Kh7 13. d4 cxd4 14. cxd4 d5 15. e5
Rc8 16. Na3 Qd7 17. Rac1 Rc7 18. b4 Bb7 19. Nb5 Rcc8 20. Nd6 Rb8 21. g4 Ba8 22.
g5 h5 23. Bf1 Nc8 24. Nxc8 Rbxc8 25. Bb5 Qe7 26. a3 Nb8 27. Rxc8 Rxc8 28. Rc1
Rc7 $11 29. Ne1 Qd8 30. Ng2 Qc8 31. Nf4 a6 32. Bd3 Rxc1+ 33. Qxc1 Qxc1+ 34.
Bxc1 Kg8 35. Kf1 Bc6 36. Ke1 Ba4 37. Kd2 Bf8 38. Bb2 Kg7 39. Ne2 b5 40. Bc2
Bxc2 41. Kxc2 Nd7 42. Nf4 1/2-1/2

[Event "Herforder SV Königsspringer 1 - SG Enne"]
[Site "NRW-Klasse, Gruppe 2 2015/201"]
[Date "2016.04.03"]
[Round "8.7"]
[White "Osswald, Luis Monty"]
[Black "Loemker, Michael"]
[Result "1-0"]
[WhiteElo "2014"]
[BlackElo "2052"]
[PlyCount "50"]
[EventDate "2016.??.??"]
[WhiteTeam "SG Ennepe-Ruhr-Süd 1"]
[BlackTeam "Herforder SV Königsspringer 1"]

1. e4 g6 2. d4 Bg7 3. Nc3 d6 4. Be3 c6 5. h3 b5 6. Bd3 Nf6 7. f4 b4 8. Nce2
Nbd7 9. Nf3 O-O 10. O-O c5 11. Nd2 Bb7 12. Ng3 cxd4 13. Bxd4 e5 14. Be3 d5 15.
f5 dxe4 16. Ndxe4 Nxe4 17. Bxe4 Qc8 18. Qf3 Bxe4 19. Nxe4 f6 20. Nd6 Qxc2 21.
Qd5+ Kh8 22. Rf2 Qc7 23. Nf7+ Rxf7 24. Qxf7 Rf8 25. Qe7 Qc8 1-0

[Event "SK Sodingen / Castrop 1 - SF Lieme 1"]
[Site "NRW-Klasse, Gruppe 2 2015/201"]
[Date "2016.04.03"]
[Round "8.1"]
[White "Himpenmacher, Andy"]
[Black "Kartsev, Soel"]
[Result "0-1"]
[WhiteElo "2182"]
[BlackElo "2224"]
[PlyCount "110"]
[EventDate "2016.??.??"]
[WhiteTeam "SF Lieme 1"]
[BlackTeam "SK Sodingen / Castrop 1"]

1. e4 c5 2. Nc3 Nc6 3. g3 g6 4. Bg2 Bg7 5. d3 d6 6. Be3 Nh6 7. Nge2 O-O 8. h3
f5 9. Qd2 Nf7 10. exf5 Bxf5 11. g4 Bd7 12. f4 Nd4 13. O-O Bc6 14. Ng3 Bxg2 15.
Qxg2 Qd7 16. Nce4 d5 17. Nxc5 Qc6 18. c3 Qxc5 19. Kh2 Qb5 20. Bxd4 Bxd4 21.
cxd4 Rac8 22. Rad1 Qa4 23. b3 Qxd4 24. Qf2 Qf6 25. Qg2 Rc6 26. f5 Qd4 27. Qf2
Qb4 28. fxg6 hxg6 29. d4 Rf6 30. Qd2 Qxd2+ 31. Rxd2 Rxf1 32. Nxf1 Ng5 33. Kg2
Nxh3 34. Kxh3 Rxf1 35. Rc2 Kf7 36. Rc7 Rd1 37. Rxb7 Rxd4 38. Rxa7 Re4 39. Kg3
g5 40. Kf3 Rf4+ 41. Kg3 Kf6 42. Rb7 e5 43. a4 e4 44. Rb8 Rf3+ 45. Kg2 Rc3 46.
a5 Rc2+ 47. Kf1 Ra2 48. b4 Ke5 49. Rb5 e3 50. Rb8 d4 51. b5 d3 52. Re8+ Kf4 53.
b6 Kf3 54. Rf8+ Kg3 55. Kg1 e2 0-1